Welcome to the Holygrace Academy Library

Please use search bar below to get started

WORDLESS WISDOM (Record no. 5432)

MARC details
000 -LEADER
fixed length control field 00223nam a22001097a 4500
082 ## - DEWEY DECIMAL CLASSIFICATION NUMBER
Classification number 158
Item number SUK/W
100 ## - MAIN ENTRY--AUTHOR NAME
Personal name SUKHABODHANANDA
245 ## - TITLE STATEMENT
Title WORDLESS WISDOM
300 ## - PHYSICAL DESCRIPTION
Number of Pages 220
650 ## - SUBJECT ADDED ENTRY--TOPICAL TERM
Topical Term PERSONALITY DEVELOPMENT
942 ## - ADDED ENTRY ELEMENTS (KOHA)
Koha item type Books
Holdings
Withdrawn status Lost status Collection code Home library Current library Shelving location Date acquired Source of acquisition Full call number Accession Number Koha item type
    Reference Main Library Main Library SHELF-17H-PERSONALITY DEVELOPMENT BOOKS 30/06/2009 PURCHASE 158 SUK/W 04871 Books